000 00416nam a2200181Ia 4500
001 10107
005 20260306161807.0
008 260306t2003||||xx |||||||||||||| ||spa||
041 _aESP
082 _aPL 891.85
_bW964
100 _aWojtyla, Karol
_eAUT
245 0 _aPensamientos de luz
260 _c2003
300 _a137 páginas :
_c22 cm.
650 _aGEN
654 _aCHU
942 _cLIB
_dJUS
_fJUS
_2ddc
_n
999 _c10107
_d10107